00578nam a2200145Ia 4500003000400000005001700004008004000021040000700061082001600068100006900084245006900153260004600222300001300268650015100281OSt20250816093203.0210210b1997 xxu||||| |||| 00| 0 eng d cAL aK894.9 VIDN aVIDYA SHANKARA (S)dವಿದ್ಯಾ ಶಂಕರ (ಎಸ್ ) aNelada mareya nidhanabನೆಲದ ಮರೆಯ ನಿಧಾನ aBengalurubPriyadarshini Prakashanac1997 aviii,526 aMadarasa Chennabasavanna Siddharama Akkamahadevi Kalavva Ambigara Chaudayya Nijaguna Vachana Sahitya Harihara Bhimakavi Prabhulingalile Ragalegalu